000 01982nam a2200565 i 4500
001 991052613792705066
003 NyNyJPI
005 20260410165835.0
008 200304s2019 xxuabho |001 0beng c
009 b1000000522751
015 _aPZ 2019
020 _a9780062561411
_q(oprawa twarda) :
_cUSD 28,99, CAD 35,99
035 _a(PL)b1000000522751
035 _a(EXLNZ-48OMNIS_NETWORK)9911342007605606
040 _aWA N
_cWA N
_dWA N
_dKR U
045 2 _bd1940
_bd1947
046 _k2019
080 _81.1\x
_a94(438).082(0.054)
080 _81.2\x
_a929(0.054)
084 _a10
100 1 _aFairweather, Jack
_d(1978- )
_eAutor
245 1 4 _aThe volunteer :
_bone man, an Underground Army, and the secret mission to destroy Auschwitz /
_cJack Fairweather.
246 3 0 _aOne man, an Underground Army, and the secret mission to destroy Auschwitz
250 _aFirst edition.
260 _aNew York :
_bCustom House,
_c© 2019.
300 _aXVI, [2], 505 stron :
_bfaksymilia, fotografie, ilustracje, mapy;
_c24 cm.
336 _aTekst
_btxt
_2rdacontent
337 _aBez urządzenia pośredniczącego
_bn
_2rdamedia
338 _aWolumin
_bnc
_2rdacarrier
380 _aKsiążki
380 _aLiteratura faktu, eseje, publicystyka
388 1 _a2001-
504 _aBibliografia na stronach 461-486. Indeks.
600 1 7 _aPilecki, Witold
_d(1901-1948)
_2DBN
610 2 7 _aArmia Krajowa (AK)
_2DBN
610 2 7 _aAuschwitz-Birkenau (niemiecki obóz koncentracyjny)
_2DBN
648 7 _a1901-2000
_2DBN
648 7 _a1939-1945
_2DBN
648 7 _a1945-1989
_2DBN
650 7 _aNiemieckie nazistowskie obozy koncentracyjne
_2DBN
650 7 _aPodziemie polityczne i zbrojne (1944-1956)
_2DBN
650 7 _aProcesy polityczne
_2DBN
650 7 _aRuch oporu
_2DBN
650 7 _aWięźniowie obozów
_2DBN
650 7 _aWięźniowie polityczni
_2DBN
651 7 _aPolska
_2DBN
655 7 _aBiografia
_2DBN
658 _aHistoria
942 _2z
_cBK
_n0
999 _c91093
_d91093